000 00843cab a2200193 4500
001 ##L134081
008 060707n2006 000 0 eng u
035 _a(Sirsi) u134081
041 0 _aeng
245 0 0 _aSurvey
_bFrance
260 _c2006
490 0 _aEuroProperty
_vJuly 2006, 39-47(8)
520 _aLooks at record investment in French property; the attraction of Paris to cash-rich property buyers despite rapidly falling yields; the growth in the listed property sector following the introduction of tax-transparent SIICs; and the scarcity of retail property product owing to restrictive planning laws and a buy-and-hold approach to investment. Table and graphs.
590 _aIKA180706
651 4 _aFRANCE
651 4 _aPARIS
690 _aPROPERTY-COMMERCIAL PROPERTY-COMMERCIAL PROPERTY FINANCE AND INVESTMENT
942 _n0
999 _c77362
_d77362